| 000 | 00526nam a22001817a 4500 | ||
|---|---|---|---|
| 003 | CEME | ||
| 005 | 20210628202354.0 | ||
| 008 | 210121b xxu||||| |||| 00| 0 eng d | ||
| 020 | _a81-7648-790-2 | ||
| 040 | _c. | ||
| 082 | _a628 RAJ | ||
| 100 |
_aRajvaidya, Neelima Markandey, Dilip Kumar _959598 |
||
| 245 | _aEnviromental analysis and instrumentation | ||
| 260 |
_aNEW DELHI _bA.P.H PUBLISHER _c2005 |
||
| 300 | _aXXXI,367 P | ||
| 650 |
_aENVIROMENTAL ANALYSIS.ENVIROMENTAL INSTRUMENTATION _959599 |
||
| 942 |
_cBK _2ddc |
||
| 999 |
_c569537 _d569537 |
||